Shapes Blitz II Quiz Stats

Quiz Updated Sep 29, 2017

Also try: Shapes Blitz
Challenge
Share
Tweet
Score 0/96 Timer 02:00
21 Plays Today
Hint Shape % Correct
BT.gif-54???
34.6%
BT.gif-88???
34.4%
BT.gif-61???
34.4%
BT.gif-11???
34.3%
BT.gif-84???
34.3%
BT.gif-24???
34.3%
BT.gif-37???
34.2%
BT.gif-47???
34.2%
BT.gif-7???
34.2%
BT.gif-51???
34.2%
BT.gif-59???
34.1%
BT.gif-90???
34.1%
BT.gif-68???
34.1%
BT.gif-66???
34%
BT.gif-32???
34%
BT.gif-4???
34%
BT.gif-60???
34%
BT.gif-63???
34%
BT.gif-75???
34%
BT.gif-49???
34%
BT.gif-86???
34%
BT.gif-91???
33.9%
BT.gif-17???
33.9%
BT.gif-2???
33.9%
BT.gif-35???
33.9%
BT.gif-53???
33.8%
BT.gif-76???
33.8%
BT.gif-67???
33.8%
BT.gif-33???
33.8%
BT.gif-55???
33.7%
BC.gif-9???
33.7%
BC.gif-5???
33.7%
Hint Shape % Correct
BC.gif-16???
33.7%
BT.gif-80???
33.7%
BT.gif-15???
33.6%
BC.gif-27???
33.6%
BC.gif-40???
33.6%
BC.gif-52???
33.6%
BC.gif-23???
33.6%
BT.gif-38???
33.5%
BC.gif-69???
33.5%
BC.gif-79???
33.5%
BC.gif-74???
33.5%
BC.gif-19???
33.4%
BC.gif-25???
33.4%
BC.gif-39???
33.4%
BC.gif-50???
33.4%
BH.gif-8???
33.3%
BC.gif-56???
33.3%
BC.gif-31???
33.3%
BC.gif-70???
33.3%
BC.gif-78???
33.2%
BH.gif-14???
33.2%
BH.gif-43???
33.2%
BH.gif-34???
33.1%
BC.gif-3???
33.1%
BH.gif-46???
33.1%
BH.gif-96???
33%
BH.gif-81???
33%
BH.gif-1???
33%
BH.gif-93???
33%
BC.gif-94???
33%
BH.gif-85???
33%
BH.gif-29???
32.9%
Hint Shape % Correct
BC.gif-64???
32.9%
BH.gif-28???
32.9%
BH.gif-82???
32.9%
BC.gif-44???
32.9%
BH.gif-10???
32.9%
BH.gif-13???
32.9%
BH.gif-42???
32.9%
BH.gif-73???
32.9%
BH.gif-87???
32.9%
BH.gif-92???
32.8%
BH.gif-83???
32.8%
BH.gif-6???
32.8%
BH.gif-21???
32.8%
BH.gif-77???
32.7%
BH.gif-65???
32.7%
BH.gif-12???
32.7%
BH.gif-20???
32.6%
BH.gif-48???
32.6%
BH.gif-89???
32.5%
BO.gif-36???
31.1%
BO.gif-62???
31.1%
BO.gif-95???
31.1%
BO.gif-71???
31%
BO.gif-22???
31%
BO.gif-58???
30.9%
BO.gif-18???
30.9%
BO.gif-41???
30.8%
BO.gif-30???
30.7%
BO.gif-26???
30.7%
BO.gif-72???
30.6%
BO.gif-57???
30.6%
BO.gif-45???
30.4%

You're not logged in!

Compare scores with friends on all Sporcle quizzes.
Sign Up with Email
OR
Log In

You Might Also Like...

Show Comments

Extras

Top Quizzes Today


Score Distribution

Your Account Isn't Verified!

In order to create a playlist on Sporcle, you need to verify the email address you used during registration. Go to your Sporcle Settings to finish the process.

Report this User

Report this user for behavior that violates our Community Guidelines.

Details: